Cliquez sur les pays d'Asie sur une carte - Statistiques

Statistiques générales
  • Ce quiz a été pris 2 221 fois
  • Le résultat moyen est 35 sur 48
Réponses sur la Carte
Les réponses sont colorées sur une échelle allant du rouge au vert en fonction du pourcentage des utilisateurs qui les ont devinées à leur premier essai. Vous pouvez retrouver ces pourcentages ci-dessous.
 
Statistiques - réponses
Réponse % Correct
Japon
88%
Inde
87%
Chine
86%
Turquie
86%
Corée du Nord
85%
Corée du Sud
85%
Arabie Saoudite
83%
Mongolie
83%
Chypre
82%
Indonésie
82%
Sri Lanka
81%
Pakistan
80%
Taïwan
80%
Kazakhstan
79%
Philippines
79%
Viêt Nam
79%
Népal
77%
Iran
76%
Yémen
76%
Israël
75%
Maldives
75%
Oman
75%
Thaïlande
75%
Émirats Arabes Unis
74%
Cambodge
73%
Singapour
73%
Bangladesh
72%
Bhoutan
72%
Irak
72%
Laos
72%
Malaisie
72%
Syrie
72%
Birmanie
71%
Géorgie
71%
Jordanie
71%
Afghanistan
69%
Liban
69%
Arménie
66%
Bahreïn
66%
Ouzbékistan
65%
Turkménistan
65%
Azerbaïdjan
64%
Koweït
64%
Qatar
63%
Kirghizistan
61%
Timor Oriental
57%
Tadjikistan
56%
Brunei
50%
Aucun quiz correspondant
Distribution des résultats
% des personnes avec chaque résultat
Percentile par nombre de réponses
Votre historique - résultats
Vous n’avez pas pris ce quiz